Capital Aleatória por País Sul-Americano - Statistics

Estatísticas Gerais
  • Esse quiz foi jogado 17 145 vezes
    13 192 desde o último reset
  • A pontuação média é 9 de 12
Estatísticas das Respostas
País Capital % Correto
Brasil Brasília
91%
Argentina Buenos Aires
91%
Peru Lima
81%
Chile Santiago
81%
Uruguai Montevidéu
76%
Colômbia Bogotá
75%
Venezuela Caracas
75%
Bolívia La Paz ou Sucre
75%
Equador Quito
74%
Paraguai Assunção
72%
Guiana Georgetown
59%
Suriname Paramaribo
52%
Nenhum quiz correspondente encontrado
Distribuição das Pontuações
Porcentagem de Pessoas com Cada Pontuação
Percentil de Números Respondidos
Sua Pontuação Histórica
Você não jogou esse quiz desde o último reset